| 000 | 00886cam a2200265 i 4500 | ||
|---|---|---|---|
| 001 | 17826365 | ||
| 005 | 20180306032810.0 | ||
| 008 | 130725s2014 nyua b 001 0 eng | ||
| 010 | _a 2013028434 | ||
| 020 | _a9781451629231 (hardcover : alk. paper) | ||
| 020 | _a9781451629248 (pbk. : alk. paper) | ||
| 020 | _z9781451629255 (ebook) | ||
| 040 |
_aDLC _beng _cDLC _erda _dDLC |
||
| 041 | _aeng | ||
| 042 | _apcc | ||
| 080 | _a153.35 lew | ||
| 082 | 0 | 0 |
_a153.35 lew _223 |
| 100 | 1 | _a50 | |
| 101 | _apsi | ||
| 245 | 1 | 4 |
_aThe rise : _cSarah Lewis. |
| 504 | _aIncludes bibliographical references and index. | ||
| 906 |
_a7 _bcbc _corignew _d1 _eecip _f20 _gy-gencatlg |
||
| 942 |
_2ddc _cBK |
||
| 999 |
_c44122 _d44122 |
||